| 000 | 00478nam a2200181Ia 4500 | ||
|---|---|---|---|
| 005 | 20250326124249.0 | ||
| 008 | 250326s9999 xx 000 0 und d | ||
| 037 | _aTextbook | ||
| 040 |
_aFMSL _beng _cFMSL |
||
| 041 |
_aeng _2eng |
||
| 084 |
_aX:545 K8;1 _qFMSL |
||
| 100 | _aMcmillan C | ||
| 245 | 0 |
_aExport agents _cMcmillan C; Paulden S |
|
| 260 |
_aLondon _bLondon, Gower _c1968 |
||
| 300 | _a223p | ||
| 942 |
_cTB _hX:545 K8;1 |
||
| 999 |
_c1273000 _d1273000 |
||